| 000 | 01072nam a2200217 a 4500 | ||
|---|---|---|---|
| 001 | 000911059 | ||
| 003 | AM-YeHGA | ||
| 005 | 20250617145556.0 | ||
| 008 | 120903s1978 ru r 000 0 rus d | ||
| 040 | _aAM-YeHGA | ||
| 041 | 0 | _arus | |
| 100 | 1 | _aБелановский, А.С. | |
| 245 | 1 | 0 |
_aКолебательные и акустические процессы в биологии и ветеринарии : _bУчебное пособие для студентов ветеринарного факультета по курс "Физика с основами биофизики" / _cА.С. Белановский; МСХ СССР; МВА им. К.И. Скрябина. |
| 260 |
_aМ. : _bБ. и., _c1978. |
||
| 300 |
_a74 с. : _bрис., табл. ; _c20 см. |
||
| 650 | 1 | 4 | _aЖивотноводство |
| 650 | 1 | 4 | _aВетеринария |
| 710 | 2 | _aМинистерство сельского хозяйства СССР | |
| 710 | 2 | _aМосковская ветеринарная академия им. К.И. Скрябина | |
| 090 | _c316472 | ||
| 999 |
_c314751 _d314751 |
||